[Event "Junior Online 4NCL Division 3"]
[Site "online"]
[Date "2021.09.30"]
[EventDate "2021.09.30"]
[Round "4.152"]
[White "Keech, Gabriel"]
[WhiteElo "1520"]
[WhiteTeam "Somerset Lions"]
[Black "Groot Wassink, Emma"]
[BlackElo "1384"]
[BlackTeam "JHJ Shark Tank 5"]
[Result "0-1"]
[PlyCount "48"]

1. c4 Nf6 2. Nc3 g6 3. g3 Bg7 4. Bg2 d6 5. d3 O-O 6. Nf3 e5 7. e4 Nh5 8. O-O f5 9. Bg5 Bf6 10. Bxf6 Nxf6 11. exf5 Bxf5 12. Nh4 Bc8 13. Re1 Nc6 14. a3 Rb8 15. Nd5 Nxd5 16. Bxd5+ Kg7 17. Qd2 Qf6 18. Rf1 Bh3 19. Bg2 Bxg2 20. Nxg2 Nd4 21. Rad1 Nf3+ 22. Kh1 Nxd2 23. Rxd2 Rbe8 24. Ne3 Qf3+ 0-1

[Event "Junior Online 4NCL Division 3"]
[Site "online"]
[Date "2021.09.30"]
[EventDate "2021.09.30"]
[Round "4.153"]
[White "Stehlin, Nathan"]
[WhiteElo "1370"]
[WhiteTeam "JHJ Shark Tank 5"]
[Black "Wang, Andy"]
[BlackElo "1361"]
[BlackTeam "Somerset Lions"]
[Result "1-0"]
[PlyCount "53"]

1. c4 e5 2. e3 Nf6 3. d4 exd4 4. exd4 d6 5. Nf3 Bf5 6. Be2 Be7 7. Nc3 Nbd7 8. Bg5 h6 9. Bf4 O-O 10. Bd3 Bxd3 11. Qxd3 Rc8 12. O-O c5 13. d5 Nb6 14. b3 Re8 15. Rfe1 Nh5 16. Bc1 Nf6 17. Bb2 a6 18. Ne4 Nbd7 19. Rad1 Ng4 20. h3 Ngf6 21. Re2 Nh7 22. Rde1 Bf6 23. Nxd6 Rxe2 24. Rxe2 Ne5 25. Bxe5 Bxe5 26. Nxc8 Qxc8 27. Nxe5 1-0

[Event "Junior Online 4NCL Division 3"]
[Site "online"]
[Date "2021.09.30"]
[EventDate "2021.09.30"]
[Round "4.155"]
[White "Timbrell, Matthew"]
[WhiteElo "1473"]
[WhiteTeam "Somerset Lions"]
[Black "Hatem, Mika"]
[BlackElo "1384"]
[BlackTeam "JHJ Shark Tank 5"]
[Result "1-0"]
[PlyCount "67"]

1. c4 c5 2. Nc3 Nc6 3. g3 g6 4. Bg2 Bg7 5. e3 Nf6 6. Nge2 d6 7. O-O O-O 8. d4 cxd4 9. exd4 e6 10. a3 Bd7 11. b4 Rc8 12. c5 dxc5 13. dxc5 Be8 14. Bf4 Qxd1 15. Raxd1 e5 16. Bxc6 exf4 17. Bxe8 f3 18. Bxf7+ Rxf7 19. Nf4 Ng4 20. Ne4 Rcf8 21. Ng5 Rf5 22. Nxf3 Be5 23. Nxe5 Nxe5 24. Ne6 R8f6 25. Nd4 Nf3+ 26. Nxf3 Rxf3 27. Rd7 Rf7 28. Rxf7 Kxf7 29. Rd1 Ke6 30. Rd6+ Ke7 31. a4 Ra3 32. a5 Rb3 33. Rd4 Ke6 34. f4 1-0

[Event "Junior Online 4NCL Division 3"]
[Site "online"]
[Date "2021.09.30"]
[EventDate "2021.09.30"]
[Round "4.157"]
[White "Wang, Andy"]
[WhiteElo "1361"]
[WhiteTeam "Somerset Lions"]
[Black "Stehlin, Nathan"]
[BlackElo "1370"]
[BlackTeam "JHJ Shark Tank 5"]
[Result "0-1"]
[PlyCount "74"]

1. d4 d5 2. Bf4 Bf5 3. Nf3 e6 4. e3 Bb4+ 5. Nbd2 Nf6 6. a3 Bd6 7. Bg3 Bxg3 8. hxg3 Qd6 9. c4 Nbd7 10. Qb3 b6 11. Rc1 c5 12. dxc5 Nxc5 13. Qb5+ Ke7 14. Nh4 Bd3 15. b4 a6 16. bxc5 bxc5 17. Qb7+ Nd7 18. Qb3 Bxf1 19. Rxf1 Rab8 20. Qd3 Ne5 21. Qc3 d4 22. exd4 cxd4 23. Qa5 Nd3+ 24. Kd1 Nxc1 25. Kxc1 Rb7 26. Rd1 Rhb8 27. Nhf3 f6 28. Re1 Kf7 29. Re4 e5 30. Qa4 Qc5 31. Ne1 a5 32. Nd3 Qb6 33. Rh4 h6 34. Rh1 Rc8 35. Kc2 Qa6 36. Nb3 Rxc4+ 37. Kd2 Rxa4 0-1

[Event "Junior Online 4NCL Division 3"]
[Site "online"]
[Date "2021.09.30"]
[EventDate "2021.09.30"]
[Round "4.161"]
[White "Sasikumar, Navaneeth"]
[WhiteElo "1402"]
[WhiteTeam "Leeds Juniors 2"]
[Black "Cann, Harriet"]
[BlackElo "744"]
[BlackTeam "Harrow Juniors F"]
[Result "1-0"]
[PlyCount "37"]

1. d4 e6 2. Nf3 d6 3. Bf4 Be7 4. e3 Nc6 5. c3 Na5 6. Bd3 f6 7. Qc2 e5 8. Bg3 c6 9. Nbd2 Kf7 10. b4 c5 11. bxa5 exd4 12. cxd4 cxd4 13. Nxd4 d5 14. Qc7 f5 15. Qxd8 Kg6 16. Qe8+ Kg5 17. Bf4+ Kg4 18. h3+ Kh4 19. g3# 1-0

[Event "Junior Online 4NCL Division 3"]
[Site "online"]
[Date "2021.09.30"]
[EventDate "2021.09.30"]
[Round "4.162"]
[White "Parikh, Aadhya"]
[WhiteElo "574"]
[WhiteTeam "Harrow Juniors F"]
[Black "Yerabati, Suhrith"]
[BlackElo "1413"]
[BlackTeam "Leeds Juniors 2"]
[Result "0-1"]
[PlyCount "56"]

1. e4 c6 2. d4 d5 3. exd5 cxd5 4. Nf3 Bf5 5. Bb5+ Nc6 6. Bg5 Qb6 7. Bxc6+ bxc6 8. O-O e6 9. Nc3 Qxb2 10. Rb1 Qxc3 11. Bd2 Qxc2 12. Qe1 Bd3 13. Rc1 Qxa2 14. Rxc6 Bxf1 15. Kxf1 Rb8 16. Rc1 Ba3 17. Rd1 Qc4+ 18. Kg1 Bb4 19. Be3 Bxe1 20. Rxe1 Qc2 21. Bf4 Rb1 22. h3 Rxe1+ 23. Nxe1 Qe4 24. Bd2 Qxd4 25. Bc1 Qd1 26. Bb2 Qxe1+ 27. Kh2 a5 28. Kg3 Nf6 0-1

[Event "Junior Online 4NCL Division 3"]
[Site "online"]
[Date "2021.09.30"]
[EventDate "2021.09.30"]
[Round "4.163"]
[White "Yerabati, Samiksha"]
[WhiteElo "1337"]
[WhiteTeam "Leeds Juniors 2"]
[Black "Shah, Kian"]
[BlackElo "596"]
[BlackTeam "Harrow Juniors F"]
[Result "1-0"]
[PlyCount "31"]

1. e4 e5 2. Nf3 f6 3. Bc4 Bc5 4. Nc3 Nh6 5. d4 exd4 6. Nxd4 Bxd4 7. Qxd4 d6 8. Bxh6 gxh6 9. O-O c5 10. Qd5 Qe7 11. Rad1 f5 12. exf5 Bxf5 13. Rfe1 Be6 14. Rxe6 Qxe6 15. Qxe6+ Kf8 16. Qf7# 1-0

[Event "Junior Online 4NCL Division 3"]
[Site "online"]
[Date "2021.09.30"]
[EventDate "2021.09.30"]
[Round "4.164"]
[White "Patel Davis, Asha"]
[WhiteElo "500"]
[WhiteTeam "Harrow Juniors F"]
[Black "Xu, Sienna"]
[BlackElo "1330"]
[BlackTeam "Leeds Juniors 2"]
[Result "0-1"]
[PlyCount "58"]

1. e4 c5 2. Nf3 Nc6 3. Bb5 Nf6 4. Nc3 e5 5. d3 a6 6. Bxc6 bxc6 7. Bg5 d6 8. Qd2 h6 9. O-O-O hxg5 10. Nxg5 Bg4 11. Rde1 g6 12. h3 Be6 13. Kb1 Bh6 14. Nf3 Bxd2 15. Nxd2 Qa5 16. Nc4 Bxc4 17. Re3 Be6 18. g3 d5 19. Rf3 d4 20. Ne2 Qxa2+ 21. Kc1 Qa1+ 22. Kd2 Qxh1 23. Rxf6 Ke7 24. Rxg6 fxg6 25. g4 Qxh3 26. g5 Qg4 27. f3 Qxg5+ 28. Ke1 Qe3 29. c4 Rh1# 0-1

[Event "Junior Online 4NCL Division 3"]
[Site "online"]
[Date "2021.09.30"]
[EventDate "2021.09.30"]
[Round "4.165"]
[White "Cann, Harriet"]
[WhiteElo "744"]
[WhiteTeam "Harrow Juniors F"]
[Black "Sasikumar, Navaneeth"]
[BlackElo "1402"]
[BlackTeam "Leeds Juniors 2"]
[Result "0-1"]
[PlyCount "36"]

1. e3 c6 2. Nf3 d5 3. Ng5 Nf6 4. c3 Bg4 5. f4 Bxd1 6. Na3 e6 7. Nc4 dxc4 8. Be2 Bxe2 9. d3 Bxd3 10. e4 Bxe4 11. f5 Bxf5 12. Nf3 Ne4 13. Nh4 g5 14. Nxf5 exf5 15. Ke2 Qd3+ 16. Ke1 Bc5 17. Bd2 Qxd2+ 18. Kf1 Qf2# 0-1

[Event "Junior Online 4NCL Division 3"]
[Site "online"]
[Date "2021.09.30"]
[EventDate "2021.09.30"]
[Round "4.166"]
[White "Yerabati, Suhrith"]
[WhiteElo "1413"]
[WhiteTeam "Leeds Juniors 2"]
[Black "Parikh, Aadhya"]
[BlackElo "574"]
[BlackTeam "Harrow Juniors F"]
[Result "1-0"]
[PlyCount "45"]

1. d4 d5 2. Bf4 Nf6 3. e3 Bg4 4. f3 Bf5 5. g4 Be6 6. Bd3 Bd7 7. Nc3 e6 8. a3 Bd6 9. Nge2 Nc6 10. Qd2 O-O 11. g5 Nh5 12. h4 Nxf4 13. Nxf4 Bxf4 14. exf4 Nxd4 15. Bxh7+ Kxh7 16. Qxd4 Kg8 17. O-O-O Qe7 18. h5 Bc6 19. g6 fxg6 20. hxg6 Rfe8 21. Rde1 Qd7 22. Rh4 Red8 23. Reh1 1-0

[Event "Junior Online 4NCL Division 3"]
[Site "online"]
[Date "2021.09.30"]
[EventDate "2021.09.30"]
[Round "4.167"]
[White "Shah, Kian"]
[WhiteElo "596"]
[WhiteTeam "Harrow Juniors F"]
[Black "Yerabati, Samiksha"]
[BlackElo "1337"]
[BlackTeam "Leeds Juniors 2"]
[Result "0-1"]
[PlyCount "48"]

1. e4 e5 2. Nf3 Nc6 3. Bb5 Bc5 4. d3 d6 5. Bg5 Nf6 6. h4 Bg4 7. Bxc6+ bxc6 8. Bxf6 Qxf6 9. Rf1 Bxf3 10. gxf3 Bd4 11. c3 Bb6 12. Na3 d5 13. exd5 cxd5 14. c4 Bd4 15. Rb1 dxc4 16. dxc4 O-O 17. h5 Rad8 18. Qc1 Rfe8 19. Qc2 Re6 20. Rg1 Qxf3 21. h6 Rxh6 22. Qc1 Bxf2+ 23. Kf1 Bxg1+ 24. Kxg1 Rh1# 0-1

[Event "Junior Online 4NCL Division 3"]
[Site "online"]
[Date "2021.09.30"]
[EventDate "2021.09.30"]
[Round "4.168"]
[White "Xu, Sienna"]
[WhiteElo "1330"]
[WhiteTeam "Leeds Juniors 2"]
[Black "Patel Davis, Asha"]
[BlackElo "500"]
[BlackTeam "Harrow Juniors F"]
[Result "1-0"]
[PlyCount "59"]

1. e4 d5 2. exd5 Qxd5 3. Nc3 Qd8 4. Nf3 Nd7 5. d4 Nb8 6. Bf4 Bg4 7. h3 Bxf3 8. gxf3 e6 9. Bg2 Bb4 10. Qd2 Bxc3 11. Qxc3 Nd7 12. O-O-O c6 13. Bg3 Ngf6 14. Bd6 b5 15. f4 h5 16. f5 exf5 17. Rde1+ Qe7 18. Rxe7+ Kf8 19. Rxd7+ Kg8 20. Re7 Kf8 21. Rxa7+ Kg8 22. Rxa8+ Kh7 23. Rxh8+ Kxh8 24. Qg3 Ne8 25. Bxc6 Nxd6 26. Qxd6 f4 27. Rg1 f3 28. Qd8+ Kh7 29. Be4+ Kh6 30. Qh8# 1-0

[Event "Junior Online 4NCL Division 3"]
[Site "online"]
[Date "2021.10.14"]
[EventDate "2021.10.14"]
[Round "5.11"]
[White "Li, Lucian"]
[WhiteElo "1348"]
[WhiteTeam "Uxbridge B"]
[Black "Fairclough, William"]
[BlackElo "1285"]
[BlackTeam "Manchester Juniors D"]
[Result "1-0"]
[PlyCount "75"]

1. e4 c6 2. d4 d5 3. e5 Bf5 4. Be2 e6 5. h4 h6 6. Nf3 Nd7 7. Be3 f6 8. exf6 Ngxf6 9. Nbd2 Qb6 10. Nb3 O-O-O 11. Bd2 Ne4 12. Bd3 Nxd2 13. Qxd2 Bxd3 14. Qxd3 c5 15. dxc5 Nxc5 16. Nxc5 Qxc5 17. Qe2 Qd6 18. O-O-O Be7 19. Ne5 Qb4 20. Nd3 Qb6 21. Rde1 Rd6 22. f4 Bf6 23. Qd2 Re8 24. g4 Bd4 25. Rhf1 Rd7 26. Re2 Rde7 27. Ree1 e5 28. fxe5 Bxe5 29. Nxe5 Rxe5 30. Rxe5 Rxe5 31. Qc3+ Qc7 32. Rf8+ Kd7 33. Rf7+ Re7 34. Rxe7+ Kxe7 35. Qxc7+ Ke6 36. Qxg7 Kd6 37. Qxh6+ Kc5 38. g5 1-0

[Event "Junior Online 4NCL Division 3"]
[Site "online"]
[Date "2021.10.14"]
[EventDate "2021.10.14"]
[Round "5.12"]
[White "Correa, Edward"]
[WhiteElo "1132"]
[WhiteTeam "Manchester Juniors D"]
[Black "Jebananthan, Jeshan"]
[BlackElo "1230"]
[BlackTeam "Uxbridge B"]
[Result "1-0"]
[PlyCount "67"]

1. d4 d5 2. Bf4 Nc6 3. Nf3 Bf5 4. e3 Nf6 5. Bd3 Bg6 6. a3 e6 7. Nc3 Be7 8. O-O Ng4 9. h3 Nh6 10. Ne5 Nxe5 11. Bxe5 Rg8 12. Bxg6 hxg6 13. Nb5 a6 14. Nxc7+ Kf8 15. Nxa8 Qxa8 16. Qf3 Nf5 17. g4 Nh4 18. Qg3 f6 19. Bd6 Rh8 20. Bxe7+ Kxe7 21. Qc7+ Ke8 22. Qxg7 Nf3+ 23. Kg2 Nh4+ 24. Kg3 Qb8+ 25. f4 Nf5+ 26. gxf5 Rh5 27. Qg8+ Kd7 28. Qxb8 b5 29. Qb7+ Kd6 30. fxg6 e5 31. fxe5+ fxe5 32. Qb6+ Ke7 33. Rf7+ Ke8 34. Qb8# 1-0

[Event "Junior Online 4NCL Division 3"]
[Site "online"]
[Date "2021.10.14"]
[EventDate "2021.10.14"]
[Round "5.13"]
[White "Mangalagiri, Pranav"]
[WhiteElo "1184"]
[WhiteTeam "Uxbridge B"]
[Black "Meredith, George"]
[BlackElo "932"]
[BlackTeam "Manchester Juniors D"]
[Result "1-0"]
[PlyCount "57"]

1. e4 e5 2. Nf3 Nc6 3. Bc4 h6 4. O-O Bb4 5. c3 Bc5 6. d4 Bd6 7. d5 Na5 8. Bb3 Nxb3 9. Qxb3 Nf6 10. Nbd2 O-O 11. Re1 c6 12. Nc4 Bc7 13. d6 Bxd6 14. Nxd6 Qe7 15. Nxb7 Rb8 16. Qa4 Rxb7 17. Be3 Nxe4 18. Bxa7 Nc5 19. Bxc5 Qxc5 20. Rxe5 Qd6 21. b4 Rb6 22. Rae1 Ba6 23. Re8 Bd3 24. Qa8 Be2 25. R1xe2 Qd1+ 26. Re1 Qd6 27. Rxf8+ Qxf8 28. Re8 Ra6 29. Rxf8+ 1-0

[Event "Junior Online 4NCL Division 3"]
[Site "online"]
[Date "2021.10.14"]
[EventDate "2021.10.14"]
[Round "5.14"]
[White "Govindu, Aashrith Reddy"]
[WhiteElo "950"]
[WhiteTeam "Manchester Juniors D"]
[Black "Devanathan, Harshathan"]
[BlackElo "1117"]
[BlackTeam "Uxbridge B"]
[Result "1-0"]
[PlyCount "133"]

1. e4 e5 2. Nf3 Nf6 3. Nxe5 Nc6 4. Nxc6 dxc6 5. Nc3 Bc5 6. Bc4 Ng4 7. O-O Qh4 8. h3 Bd6 9. d4 Nh2 10. Re1 Ng4 11. e5 Qxf2+ 12. Kh1 Be7 13. hxg4 Qh4+ 14. Kg1 Bxg4 15. Be2 Bxe2 16. Qxe2 O-O 17. d5 Bc5+ 18. Be3 Bxe3+ 19. Qxe3 Rfe8 20. dxc6 b6 21. Nd5 Rac8 22. Qf2 Qc4 23. Ne3 Qxc6 24. Nf5 Qc5 25. Qxc5 bxc5 26. Rad1 Rcd8 27. Rxd8 Rxd8 28. c3 g6 29. Nh6+ Kg7 30. Ng4 Rd2 31. Rb1 h5 32. e6 fxe6 33. Ne5 h4 34. Nf3 Rd3 35. Nxh4 g5 36. Nf3 g4 37. Ne5 Re3 38. Nxg4 Re4 39. Nf2 Rf4 40. Nd3 Rf8 41. Nxc5 Re8 42. Na6 e5 43. Nxc7 Re7 44. Nd5 Re8 45. Kf1 e4 46. Nf4 Kf6 47. Nd5+ Kf5 48. Ne3+ Kf4 49. Nd5+ Kg3 50. Nf6 Re6 51. Nh5+ Kg4 52. Ng7 Re7 53. Re1 e3 54. b4 e2+ 55. Rxe2 Rxe2 56. Kxe2 Kg3 57. a3 Kh2 58. c4 Kg3 59. c5 Kh2 60. c6 Kg3 61. c7 Kh2 62. c8=Q Kh1 63. Qc1+ Kh2 64. Nf5 Kxg2 65. Ne3+ Kh2 66. Qf1 a5 67. Qg2# 1-0

[Event "Junior Online 4NCL Division 3"]
[Site "online"]
[Date "2021.10.14"]
[EventDate "2021.10.14"]
[Round "5.15"]
[White "Fairclough, William"]
[WhiteElo "1285"]
[WhiteTeam "Manchester Juniors D"]
[Black "Li, Lucian"]
[BlackElo "1348"]
[BlackTeam "Uxbridge B"]
[Result "0-1"]
[PlyCount "42"]

1. e4 e6 2. Nc3 d5 3. exd5 exd5 4. Nf3 Nf6 5. d4 h6 6. a3 c6 7. Bd3 Bd6 8. O-O O-O 9. Ne5 Nbd7 10. Re1 Re8 11. Nxd7 Rxe1+ 12. Qxe1 Bxd7 13. Be3 Qc7 14. g3 Re8 15. Qd2 Ng4 16. h3 Nxe3 17. fxe3 Bxh3 18. Kh2 Bg4 19. Rg1 Qe7 20. e4 Bf3 21. exd5 Qh4# 0-1

[Event "Junior Online 4NCL Division 3"]
[Site "online"]
[Date "2021.10.14"]
[EventDate "2021.10.14"]
[Round "5.16"]
[White "Jebananthan, Jeshan"]
[WhiteElo "1230"]
[WhiteTeam "Uxbridge B"]
[Black "Correa, Edward"]
[BlackElo "1132"]
[BlackTeam "Manchester Juniors D"]
[Result "0-1"]
[PlyCount "60"]

1. e4 c5 2. Nf3 e6 3. Nc3 a6 4. d4 cxd4 5. Nxd4 Bc5 6. Be3 Qc7 7. Bc4 Bxd4 8. Qxd4 e5 9. Qd5 d6 10. O-O-O Be6 11. Qd3 Bxc4 12. Qd2 Nf6 13. Nd5 Bxd5 14. exd5 O-O 15. Bg5 Nbd7 16. Qe3 Rac8 17. c3 h6 18. h4 hxg5 19. hxg5 Nh7 20. Qh3 Rfe8 21. Qxh7+ Kf8 22. g6 Nf6 23. Qh8+ Ke7 24. Qxg7 Nd7 25. gxf7 Rf8 26. Rh8 Rxf7 27. Qg5+ Nf6 28. Rdh1 Rxh8 29. Rxh8 Qc4 30. Rh7 Rxh7 0-1

[Event "Junior Online 4NCL Division 3"]
[Site "online"]
[Date "2021.10.14"]
[EventDate "2021.10.14"]
[Round "5.17"]
[White "Meredith, George"]
[WhiteElo "932"]
[WhiteTeam "Manchester Juniors D"]
[Black "Mangalagiri, Pranav"]
[BlackElo "1184"]
[BlackTeam "Uxbridge B"]
[Result "1-0"]
[PlyCount "87"]

1. e4 c5 2. Nc3 Nc6 3. Nf3 e6 4. Bb5 d5 5. Bxc6+ bxc6 6. O-O d4 7. Na4 Nf6 8. Nxc5 Bxc5 9. d3 O-O 10. Bg5 h6 11. Bxf6 Qxf6 12. c3 dxc3 13. bxc3 Qxc3 14. Rc1 Qa5 15. d4 Be7 16. Rxc6 Qxa2 17. Rc2 Qa4 18. Rb2 Ba6 19. Re1 Rab8 20. Rxb8 Rxb8 21. Qxa4 Rb6 22. Qe8+ Kh7 23. Qxe7 Rb7 24. Qa3 Rb6 25. Qe7 Rb7 26. Qh4 g5 27. Nxg5+ Kg6 28. d5 Be2 29. f3 hxg5 30. Qf2 Ba6 31. dxe6 fxe6 32. g3 Bc4 33. Ra1 Kh5 34. Rxa7 Rb1+ 35. Kg2 Rc1 36. Rh7+ Kg6 37. Rc7 Bf1+ 38. Kg1 Bh3+ 39. Rxc1 Kh5 40. f4 g4 41. Qc5+ Kg6 42. Qg5+ Kf7 43. Rc7+ Kf8 44. Qd8# 1-0

[Event "Junior Online 4NCL Division 3"]
[Site "online"]
[Date "2021.10.14"]
[EventDate "2021.10.14"]
[Round "5.18"]
[White "Devanathan, Harshathan"]
[WhiteElo "1117"]
[WhiteTeam "Uxbridge B"]
[Black "Govindu, Aashrith Reddy"]
[BlackElo "950"]
[BlackTeam "Manchester Juniors D"]
[Result "1-0"]
[PlyCount "30"]

1. e4 e5 2. Nf3 Nc6 3. Bc4 Bc5 4. b4 Bxb4 5. c3 Bc5 6. d4 exd4 7. cxd4 Nxd4 8. Nxd4 Bxd4 9. Qxd4 Nf6 10. Bg5 h6 11. Bxf6 gxf6 12. e5 fxe5 13. Qxe5+ Qe7 14. Qxe7+ Kxe7 15. O-O d5 1-0

[Event "Junior Online 4NCL Division 3"]
[Site "online"]
[Date "2021.10.14"]
[EventDate "2021.10.14"]
[Round "5.21"]
[White "Man, Felix"]
[WhiteElo "1264"]
[WhiteTeam "Muswell Hill Primary"]
[Black "Payne, Luca"]
[BlackElo "1313"]
[BlackTeam "The Hall 2"]
[Result "0-1"]
[PlyCount "98"]

1. e4 e6 2. d4 d5 3. e5 c5 4. c3 Nc6 5. Nf3 Qb6 6. Bd3 f6 7. exf6 Nxf6 8. O-O Bd6 9. Qb3 Qxb3 10. axb3 O-O 11. Be3 Bd7 12. Nbd2 cxd4 13. Nxd4 Nxd4 14. Bxd4 e5 15. Bxa7 e4 16. Be2 Ng4 17. Bxg4 Bxg4 18. Be3 Be2 19. Rfe1 Bd3 20. Rxa8 Rxa8 21. c4 dxc4 22. bxc4 Ra2 23. c5 Be5 24. Nxe4 Bxe4 25. Bg5 Ra4 26. f3 Bd4+ 27. Be3 Bxe3+ 28. Rxe3 Bc6 29. Rb3 Kf7 30. Kf2 Kf6 31. Rb6 Rc4 32. b4 Ke5 33. Ke2 Kd4 34. Kd2 Rc3 35. h3 Kc4 36. f4 Rg3 37. Ke2 Rxg2+ 38. Ke3 Rg3+ 39. Kf2 Rxh3 40. f5 Rf3+ 41. Ke2 Rxf5 42. Kd2 h5 43. Ke2 h4 44. Ke1 h3 45. Ke2 h2 46. Ke1 h1=Q+ 47. Kd2 Qh3 48. Kc1 Rf2 49. Kb1 Qh1# 0-1

[Event "Junior Online 4NCL Division 3"]
[Site "online"]
[Date "2021.10.14"]
[EventDate "2021.10.14"]
[Round "5.22"]
[White "Agarwal, Mihir"]
[WhiteElo "1344"]
[WhiteTeam "The Hall 2"]
[Black "Bagshaw, Freddie"]
[BlackElo "1160"]
[BlackTeam "Muswell Hill Primary"]
[Result "1-0"]
[PlyCount "53"]

1. d4 e6 2. Nf3 Nc6 3. e4 Nf6 4. e5 Ne4 5. Bf4 Be7 6. Nbd2 O-O 7. Nxe4 h6 8. Bd3 d5 9. Ng3 Bg5 10. Nh4 Bxf4 11. Qg4 Bg5 12. f4 Bxh4 13. O-O-O Nxd4 14. Nf1 Bd7 15. g3 Be7 16. Ne3 Bb5 17. Bxb5 Nxb5 18. f5 exf5 19. Nxf5 Bg5+ 20. Kb1 Qe8 21. h4 g6 22. hxg5 gxf5 23. Qxf5 Qc8 24. Qf4 Re8 25. Rxh6 Kf8 26. Qf6 Qe6 27. Rh8# 1-0

[Event "Junior Online 4NCL Division 3"]
[Site "online"]
[Date "2021.10.14"]
[EventDate "2021.10.14"]
[Round "5.23"]
[White "Michener, Max"]
[WhiteElo "1000"]
[WhiteTeam "Muswell Hill Primary"]
[Black "Kohli, Aryan"]
[BlackElo "1251"]
[BlackTeam "The Hall 2"]
[Result "1-0"]
[PlyCount "50"]

1. e4 c5 2. c3 d6 3. d4 cxd4 4. cxd4 e6 5. Nc3 Nc6 6. Nf3 Nf6 7. Bg5 Be7 8. Be2 Bd7 9. O-O O-O 10. h3 a6 11. Rc1 b5 12. a3 Rb8 13. b4 a5 14. Nxb5 axb4 15. axb4 Nxb4 16. Bxf6 Bxf6 17. Nxd6 Bc6 18. e5 Bxf3 19. Bxf3 Bg5 20. Rb1 Nd5 21. Bxd5 exd5 22. Qf3 Qa5 23. Rxb8 Rxb8 24. Qxf7+ Kh8 25. Ne8 Rxe8 1-0

[Event "Junior Online 4NCL Division 3"]
[Site "online"]
[Date "2021.10.14"]
[EventDate "2021.10.14"]
[Round "5.25"]
[White "Payne, Luca"]
[WhiteElo "1313"]
[WhiteTeam "The Hall 2"]
[Black "Man, Felix"]
[BlackElo "1264"]
[BlackTeam "Muswell Hill Primary"]
[Result "1/2-1/2"]
[PlyCount "73"]

1. e4 e5 2. Nf3 Nc6 3. Bc4 Bc5 4. d3 Nf6 5. Nc3 h6 6. O-O d6 7. h3 O-O 8. Be3 Bb6 9. a4 Be6 10. Nd5 Bxd5 11. exd5 Ne7 12. a5 Bxe3 13. fxe3 Nexd5 14. Nh4 Nxe3 15. Qd2 Nxf1 16. Rxf1 Ne4 17. Qe3 Qxh4 18. dxe4 Qd8 19. Qg3 Qg5 20. Qb3 Qe7 21. Qxb7 Qd7 22. Rxf7 Rxf7 23. Qxa8+ Kh7 24. Bxf7 Qxf7 25. Qxa7 Kg6 26. Kh2 Qf4+ 27. g3 Qxe4 28. Qf2 Qa4 29. g4 Kh7 30. Qf5+ Kh8 31. Qc8+ Kh7 32. Qxc7 Qf4+ 33. Kg2 Qd2+ 34. Kg3 Qf4+ 35. Kg2 Qd2+ 36. Kf3 Qf4+ 37. Kg2 1/2-1/2

[Event "Junior Online 4NCL Division 3"]
[Site "online"]
[Date "2021.10.14"]
[EventDate "2021.10.14"]
[Round "5.26"]
[White "Bagshaw, Freddie"]
[WhiteElo "1160"]
[WhiteTeam "Muswell Hill Primary"]
[Black "Agarwal, Mihir"]
[BlackElo "1344"]
[BlackTeam "The Hall 2"]
[Result "0-1"]
[PlyCount "78"]

1. e4 c5 2. Bc4 e5 3. Nf3 Nc6 4. O-O Nf6 5. d3 g6 6. Bg5 Bg7 7. Nc3 O-O 8. Nd5 h6 9. Bh4 d6 10. h3 Be6 11. Re1 Re8 12. a3 a6 13. b4 cxb4 14. axb4 b5 15. Bb3 Bxd5 16. Bxd5 Nxb4 17. Bxa8 Qxa8 18. c3 Nc6 19. Ra2 a5 20. c4 b4 21. d4 exd4 22. Nxd4 a4 23. Nxc6 Qxc6 24. Rxa4 Rxe4 25. Bxf6 Rxe1+ 26. Qxe1 Qxa4 27. Qe7 Qd1+ 28. Kh2 Bxf6 29. Qxf6 b3 30. Qb2 Qc2 31. Qa3 b2 32. Qa8+ Kh7 33. Qf8 Qxf2 34. Qb8 Qf4+ 35. g3 Qd2+ 36. Kh1 Qc1+ 37. Kg2 b1=Q 38. Qf8 Qe4+ 39. Kf2 Qce1# 0-1

[Event "Junior Online 4NCL Division 3"]
[Site "online"]
[Date "2021.10.14"]
[EventDate "2021.10.14"]
[Round "5.27"]
[White "Kohli, Aryan"]
[WhiteElo "1251"]
[WhiteTeam "The Hall 2"]
[Black "Michener, Max"]
[BlackElo "1000"]
[BlackTeam "Muswell Hill Primary"]
[Result "1/2-1/2"]
[PlyCount "137"]

1. d4 d5 2. Bf4 Nf6 3. e3 Bf5 4. c3 e6 5. Bd3 Bg6 6. Nf3 c5 7. Ne5 c4 8. Bc2 Be7 9. Ba4+ Kf8 10. O-O Nbd7 11. Nxd7+ Nxd7 12. b3 cxb3 13. Qxb3 b6 14. Qb5 Nf6 15. Nd2 Nh5 16. Be5 f6 17. Bg3 Nxg3 18. fxg3 Qc7 19. c4 a6 20. Qc6 Qxc6 21. Bxc6 Rc8 22. cxd5 exd5 23. Bxd5 Rc2 24. Nf3 Bd3 25. Rfb1 b5 26. Rd1 Bf5 27. Rf1 Bd3 28. Rf2 Bd6 29. Rd1 Rxf2 30. Kxf2 Bg6 31. Rc1 Be8 32. Rc8 Ke7 33. Bc6 Bd7 34. Bxd7 Rxc8 35. Bxc8 a5 36. Ba6 b4 37. Bd3 a4 38. Bxh7 b3 39. axb3 a3 40. Bb1 Ke6 41. Ba2 Kd5 42. Nd2 Bb4 43. e4+ Kxd4 44. h4 Bxd2 45. Kf3 Kc3 46. Ke2 Bh6 47. b4 Kxb4 48. Kd3 Bc1 49. Kc2 Bb2 50. g4 Kc5 51. e5 Bxe5 52. g5 fxg5 53. hxg5 Bb2 54. g6 Kd6 55. Kb1 Ke5 56. Bf7 Kf5 57. Ka2 Kf4 58. Be8 Ke3 59. Bd7 Kf4 60. Be8 Kg3 61. Bc6 Kg4 62. Be8 Kf4 63. Bc6 Ke3 64. Be8 Kf2 65. Bc6 Bc1 66. Bb7 Bb2 67. Bc6 Bc1 68. Bb7 Bb2 69. Bc6 1/2-1/2

[Event "Junior Online 4NCL Division 3"]
[Site "online"]
[Date "2021.10.14"]
[EventDate "2021.10.14"]
[Round "5.31"]
[White "Kanellopoulos, Nickolas"]
[WhiteElo "1361"]
[WhiteTeam "Colchester Juniors B"]
[Black "Groot Wassink, Leon"]
[BlackElo "1455"]
[BlackTeam "JHJ Shark Tank 4"]
[Result "0-1"]
[PlyCount "90"]

1. e4 e5 2. Nf3 Nc6 3. Bc4 Nf6 4. Ng5 d5 5. exd5 Na5 6. Bb5+ c6 7. dxc6 bxc6 8. Ba4 h6 9. Nf3 e4 10. Qe2 Be6 11. Ng1 Bc5 12. Nc3 Bc4 13. Qd1 Qd4 14. Nh3 O-O 15. Ne2 Bxe2 16. Qxe2 Qxa4 17. O-O Qxc2 18. b3 Bd4 19. Qa6 Bxa1 20. Qxa5 Bd4 21. Ba3 Rfe8 22. Rc1 Qxa2 23. Qb4 Bb2 24. Bxb2 Qxb2 25. Rf1 Rab8 26. Qc4 Qxd2 27. Qxc6 Rxb3 28. Qa4 e3 29. fxe3 Qxe3+ 30. Nf2 Ng4 31. Qxg4 Qd2 32. Qc4 Rb2 33. Qc5 Rf8 34. Qxa7 Qc3 35. Qa4 Rb4 36. Qd1 Qd4 37. Qf3 Re8 38. Qf5 Re5 39. Qc8+ Kh7 40. Qc2+ g6 41. Qc7 Rf5 42. Qe7 Rxf2 43. Qc7 Rf3+ 44. Rf2 Qxf2+ 45. Kh1 Qf1# 0-1

[Event "Junior Online 4NCL Division 3"]
[Site "online"]
[Date "2021.10.14"]
[EventDate "2021.10.14"]
[Round "5.32"]
[White "Sisupalan, Beni"]
[WhiteElo "1452"]
[WhiteTeam "JHJ Shark Tank 4"]
[Black "Salkauskas, Deimantas"]
[BlackElo "1346"]
[BlackTeam "Colchester Juniors B"]
[Result "1-0"]
[PlyCount "91"]

1. e4 e5 2. Nf3 Nc6 3. Bc4 Bc5 4. d3 Nf6 5. Nc3 d6 6. Be3 Nd4 7. Bxd4 exd4 8. Ne2 Bb4+ 9. c3 dxc3 10. bxc3 Ba5 11. Nfd4 Bg4 12. f3 Bh5 13. O-O O-O 14. Nb3 Bb6+ 15. d4 c5 16. d5 a5 17. a4 Qe7 18. Ng3 Bg6 19. Qd3 Nd7 20. f4 Rae8 21. f5 Ne5 22. Qe2 Nxc4 23. Qxc4 Bxf5 24. Nxf5 Qxe4 25. Qxe4 Rxe4 26. Nxd6 Re7 27. Rae1 Rxe1 28. Rxe1 c4+ 29. Nd4 Bc5 30. Nxb7 Bb6 31. d6 h6 32. d7 Kh7 33. Re8 Bxd4+ 34. cxd4 Rxe8 35. dxe8=Q c3 36. Nd6 c2 37. Qe4+ g6 38. Qxc2 Kg7 39. Qe4 h5 40. Qe7 Kh6 41. Nxf7+ Kg7 42. d5 Kh7 43. Qf6 g5 44. Nxg5+ Kg8 45. Qf7+ Kh8 46. Qh7# 1-0